| 000 | 00487nam a2200169Ia 4500 | ||
|---|---|---|---|
| 008 | 150610s9999 xx 000 0 und d | ||
| 020 | _a9781416916246 | ||
| 050 |
_aPZ7 _b.L1413Wo 2004 |
||
| 100 | _aLaFaye, A | ||
| 245 |
_aWorth / _cA. LaFaye. |
||
| 260 |
_aNew York : _bAladdin Paperbacks, _c2004. |
||
| 300 |
_a144pages ; _c20 cm. |
||
| 520 | _aFiction. | ||
| 650 |
_aFathers and sons _xFiction. |
||
| 650 |
_aNebrasaka-History-19th century _bFiction. |
||
| 650 |
_aOrphans _xFiction. |
||
| 999 |
_c287868 _d287868 |
||